| Tag |
First Indicator |
Second Indicator |
Subfields |
| LEADER |
00000cam a2200000 a 4500 |
| 001 |
in00001114708 |
| 005 |
20150930070413.0 |
| 008 |
900604s1991 orug b 001 0 eng |
| 010 |
|
|
|a 90040053
|
| 020 |
|
|
|a 0931340357
|
| 035 |
|
|
|a (OCoLC)21908455
|
| 035 |
|
|
|9 AFV7227AM
|
| 040 |
|
|
|a DLC
|c DLC
|d UtOrBLW
|
| 041 |
0 |
|
|a eng
|h ger
|
| 043 |
|
|
|a e-fr---
|
| 049 |
|
|
|a TXAM
|
| 050 |
0 |
0 |
|a ML410.S15
|b S713 1991
|
| 082 |
0 |
0 |
|a 784.2/3/092
|2 20
|
| 100 |
1 |
|
|a Stegemann, Michael.
|
| 240 |
1 |
0 |
|a Camille Saint-Saëns und das französische Solokonzert von 1850 bis 1920.
|l English
|
| 245 |
1 |
0 |
|a Camille Saint-Saëns and the French solo concerto from 1850 to 1920 /
|c Michael Stegemann ; translated by Ann C. Sherwin ; Reinhard G. Pauly, general editor.
|
| 264 |
|
1 |
|a Portland, Ore :
|b Amadeus Press,
|c [1991]
|
| 264 |
|
4 |
|c ©1991
|
| 300 |
|
|
|a 341 pages :
|b music ;
|c 24 cm.
|
| 336 |
|
|
|a text
|b txt
|2 rdacontent
|
| 337 |
|
|
|a unmediated
|b n
|2 rdamedia
|
| 338 |
|
|
|a volume
|b nc
|2 rdacarrier
|
| 500 |
|
|
|a Translation of: Camille Saint-Saëns und das französische Solokonzert von 1850 bis 1920.
|
| 504 |
|
|
|a Includes bibliographical references (pages 313-332) and index.
|
| 600 |
1 |
0 |
|a Saint-Saëns, Camille,
|d 1835-1921.
|t Concertos.
|
| 650 |
|
0 |
|a Concerto
|z France
|y 19th century.
|
| 650 |
|
0 |
|a Concerto
|z France
|y 20th century.
|
| 700 |
1 |
|
|a Pauly, Reinhard G.
|
| 999 |
|
|
|a MARS
|
| 999 |
f |
f |
|s a3f2c019-bf98-375c-ab88-33fbd34f009c
|i 447252cd-5a9b-3db4-9824-5ead7a597a6e
|t 0
|
| 952 |
f |
f |
|p normal
|a Texas A&M University
|b College Station
|c Sterling C. Evans Library
|d Evans: Library Stacks
|t 0
|e ML410.S15 S713 1991
|h Library of Congress classification
|i unmediated -- volume
|m A14817260765
|
| 998 |
f |
f |
|a ML410.S15 S713 1991
|t 0
|l Evans: Library Stacks
|